Disputatio theologica De Praesentia Carnis Christi, eiusque sex distinctis modis, non oppositis, sed subordinatis, Quam Christo omnipraesente propitio in inclyta Gryphica

Bibliographic Details
Main Author: Gravius, Andreas (Author)
Other Authors: Battus, Abraham, 1606-1674 (Thesis advisor)
Format: Thesis Book
Language:Latin
PhysicalDescription:16 nečíslovaných listov 4°
Subjects:

MARC

LEADER 00000nam a2200000 4500
001 vtls011977909
003 SK-MaSNL
005 20260301190222.0
008 251112s1656 ru f 000 0 lat
015 |a SNBHFA1656 
040 |a SNKHF  |b slo  |c SNKHF  |e rda 
041 0 |a lat 
044 |a ru  |c RU 
072 7 |a 2-1  |x Prirodzená teológia. Náboženská filozofia  |2 konspekt 
080 |a 2-1  |2 2011 
080 |a (043.3)  |2 2011 
100 1 |a Gravius, Andreas  |4 aut  |9 565214 
245 1 0 |a Disputatio theologica De Praesentia Carnis Christi, eiusque sex distinctis modis, non oppositis, sed subordinatis, Quam Christo omnipraesente propitio in inclyta Gryphica  |c Sub Praesidio Abrahami Batti, SS. Theol. Doctoris & Professoris Ordinarii, in Auditorio Majori ; Publicè examinandam proponit M. Andreas Gravius 
264 3 |a Gryphiswaldiae  |b Typis Jacobi Jegeri Acad. Typog. impressa  |c M DC LVI (1656) 
300 |a 16 nečíslovaných listov  |c 4° 
336 |a text  |b txt  |2 rdacontent 
337 |a bez média  |b n  |2 rdamedia 
338 |a zväzok  |b nc  |2 rdacarrier 
500 |a Vinety, iniciálky na 9 riadkov, kustody 
501 |a Príväzok 1. k: MEISNER, Johann. Diascepsis Theologica De Passione. Ienae: Ex Officina Nisiana, 1653. 4°.  |5 SNK ID 103034 
502 |a Dizertačná práca (Doktor) -- Universität Wittenberg, Wittenberg, 1719 
510 4 |a OCLC 551919394 
546 |a Latinčina  |b Kurzíva 
561 |a Z knižnice Učenej spoločnosti malohontskej.  |5 SNK ID 103034/prív.1 
650 0 7 |a teológia  |2 SNKPH  |9 1814 
655 7 |a dizertácie  |2 SNKPH  |9 70277 
700 1 |a Battus, Abraham,  |d 1606-1674  |4 ths  |9 364474 
710 2 |a Učená spoločnosť malohontská  |4 fmo  |9 205374 
752 |a Rusko  |d Königsberg 
852 |a snk  |b Historické fondy  |p ID 103034/prív.1 
958 |a DC 
958 |a ONDV 
999 |c 866708  |d 868638 
952 |t MHC 1546  |a SNK  |b SNK  |c SNK_HF  |y PREZ  |7 0  |p 17A1358266  |o snkID 103034/prív.1  |i snk2020/11222  |8 5  |0 0  |1 0  |4 0  |d 2020-07-01  |l 0  |r 2026-02-24 05:29:56  |w 2026-02-24